Which Football Clubs Have Won The UCL? - Statistics

General Stats
  • This quiz has been taken 102 times
  • The average score is 12 of 24
Answers on the Grid
Answers color-coded by a green-red scale on the quiz's grid according to % correct below.
AS Monaco
Chelsea
Real Madrid
FC Barcelona
RB Leipzig
Rangers FC
Celtic
Real Sociedad
Olympique de Marseille
Crvena Zvezda
Sparta Praha
Sevilla
Leicester City
FC Porto
SC Braga
AC Milan
SS Lazio
Manchester City
Everton
Tottenham Hotspur
Olympique Lyonnais
Valencia CF
FC Schalke 04
FC Zenit
Dynamo Kyiv
FC Augsburg
Bayer 04 Leverkusen
Newcastle United
AS Roma
Sporting CP
Arsenal
Atletico Madrid
SSC Napoli
PSV
Feyenoord
Ajax
Nottingham Forest
Aston Villa
Borussia Dortmund
Bayern Munich
Hamburger SV
FC Steaua București
Juventus
SL Benfica
Liverpool
PSG
Internazionale
Manchester United
 
Answer Stats
Answer % Correct
AC Milan
70%
Manchester United
70%
FC Barcelona
66%
Ajax
64%
Liverpool
64%
Manchester City
64%
PSG
64%
Real Madrid
64%
Chelsea
62%
Bayern Munich
60%
Borussia Dortmund
53%
Nottingham Forest
53%
FC Porto
51%
Internazionale
49%
Juventus
49%
Olympique de Marseille
47%
Celtic
45%
Aston Villa
43%
SL Benfica
40%
PSV
38%
FC Steaua București
32%
Feyenoord
32%
Hamburger SV
32%
Crvena Zvezda
21%
No matching quizzes found
Score Distribution
Percent of People with Each Score
Percentile by Number Answered
Your Score History
You have not taken this quiz